| 000 | 01085nam a22002657a 4500 | ||
|---|---|---|---|
| 005 | 20090316110612.0 | ||
| 008 | 090316t xxu||||| |||| 00| 0 hin d | ||
| 010 | _aHIN-90968 | ||
| 020 |
_c200.00 _a8189355015 |
||
| 035 | _aHN-63314 | ||
| 037 | _bDBAD / PUB | ||
| 040 |
_aDPL _bHN |
||
| 082 | _aक | ||
| 100 |
_924114 _aआशा साकी |
||
| 245 |
_aखाली कमराः _cआशा साकी _bकहानी संग्रह / |
||
| 246 |
_aKhali Kamra _bby Asha Saki |
||
| 260 |
_aदिल्ली _bऊर्जा प्रकाशन _c2010 |
||
| 270 |
_a1362, अपर मैजेनाइन फ्लोर, कश्मीरी गेट _bदिल्ली _e110006 |
||
| 300 |
_a144पृ. _c22सेमी (सजिल्द) |
||
| 650 |
_91169 _aलघु कथाएँ, हिन्दी |
||
| 700 | _924212 | ||
| 700 | _924219 | ||
| 942 |
_2ddc _cHN _mआशासा _hक |
||
| 999 |
_c48590 _d48590 |
||